| 000 | 00415nam a22001697a 4500 | ||
|---|---|---|---|
| 005 | 20180319165909.0 | ||
| 008 | 160523b xxu||||| |||| 00| 0 eng d | ||
| 020 | _a0-07-058758-2 | ||
| 041 | _aeng | ||
| 082 |
_b4193 _a337 |
||
| 100 |
_aSalvatore and dominick _94212 |
||
| 245 | _aInternational Economics | ||
| 260 |
_aNew Delhi _bAcademic Faundation |
||
| 300 | _a266 | ||
| 650 |
_aManagement _9241 |
||
| 942 | _cBK | ||
| 999 |
_c1417 _d1417 |
||